Fr. Conceicao Rodrigues College of Engineering

Encyclopedia of Electronic Circuits (Record no. 32148)

MARC details
000 -LEADER
fixed length control field 00329nam a2200145Ia 4500
082 ## - DEWEY DECIMAL CLASSIFICATION NUMBER
Classification number 621.38103 GRA
100 ## - MAIN ENTRY--PERSONAL NAME
Personal name Graf R.F.
245 ## - TITLE STATEMENT
Title Encyclopedia of Electronic Circuits
260 ## - PUBLICATION, DISTRIBUTION, ETC.
Name of publisher, distributor, etc. B.B.P.
Place of publication, distribution, etc. New Delhi
Date of publication, distribution, etc. 1989
300 ## - PHYSICAL DESCRIPTION
Extent 760
546 ## - LANGUAGE NOTE
Language note ENGLISH
654 ## - SUBJECT ADDED ENTRY--FACETED TOPICAL TERMS
Focus term Encyclopedia electronics
942 ## - ADDED ENTRY ELEMENTS (KOHA)
Koha item type BOOK
Holdings
Withdrawn status Lost status Damaged status Not for loan Collection Home library Current library Shelving location Date acquired Source of acquisition Cost, normal purchase price Total Checkouts Full call number Barcode Date last seen Cost, replacement price Price effective from Koha item type
        CRC Fr. Agnel's C.Rodrigues College of Engineering Fr. Agnel's C.Rodrigues College of Engineering   17/03/2023 global books 240.00   621.38103 GRA 7893 17/03/2023 240.00 17/03/2023 BOOK